000 00799nas a2200253 4500
001 BR0200980
003 BR-BrBNA
005 20231205102743.0
007 ta
008 230509b bl.|||p| |||| 00| 00por d
040 _aBR-BrBNA
_bpor
_cBiblioteca Nacional de Agricultura
041 _a(Pt)
072 _aF04
100 1 _aResende, G.M.
100 1 _aSouza, R.J.
245 1 _aEfeitos de tipos de bulbos e adubação nitrogenada sobre a produtividade e características comerciais do alho cv. "Quitéria"
650 _aALHO
650 _aBULBO
650 _aFERTILIZANTE NITROGENADO
650 _aRENDIMENTO
773 0 _tHorticultura Brasileira (Brazil)
_xISSN 0102-0536
_g(Nov 2001), v. 19(3) p. 320-323
_wBR0200980
909 _a202311
_bLúcia
_c55
_dLúcia Elande
942 _2AGRIS
_n0
_cANA
999 _c169158
_d169158